Get the Picture: Apple or Microsoft? Quiz Stats

 Plays Quiz Updated Dec 1, 2019

Score 0/10 Timer 01:30
30 Plays Today
Question Answer Wrong Answers
Developer of Windows Microsoft
93.8%
Apple
1.4%
Developer of AirPods Apple
92.5%
Microsoft
3%
Has a lowercase 'i' as the first letter of many products Apple
92.3%
Microsoft
3.3%
Founded by Steve Jobs Apple
90.6%
Microsoft
5%
Developer of the Xbox console Microsoft
90.5%
Apple
5.3%
Headquarters are located in Redmond, Washington Microsoft
82.5%
Apple
12.7%
Headquarters are located in Silicon Valley Apple
79.9%
Microsoft
15.6%
Founded first Microsoft
67.7%
Apple
28.1%
Founded in New Mexico Microsoft
59.1%
Apple
36.6%
Bought Shazam in September 2018 Apple
55.3%
Microsoft
40%

Today's Daily Dose

Word Ladder
Antonym Clues IV

Quick Pick
Marsupials

Get the Picture
Big 4 'H' All-Stars

You're not logged in!

Compare scores with friends on all Sporcle quizzes.
OR
Log In

Sporcle TV

Today on Sporcle TV


Watch our educational content, quiz creation guides, and fun videos on Sporcle TV.

Show Comments

Extras

Top Quizzes Today


Score Distribution

Your Account Isn't Verified!

In order to create a playlist on Sporcle, you need to verify the email address you used during registration. Go to your Sporcle Settings to finish the process.

Report this User

Report this user for behavior that violates our Community Guidelines.

Details: